| 000 | 00642nam a2200229 a 4500 | ||
|---|---|---|---|
| 001 | 59235 | ||
| 003 | BD-RjUL | ||
| 005 | 20211209080716.0 | ||
| 008 | 161222s1996 ii ||||| |||| 00| 0 eng d | ||
| 020 |
_a8173811865 _c: IRs 95.00 |
||
| 035 | _a(BD-RjUL)59359 | ||
| 040 |
_aBD-RjUL _beng _cBD-RjUL |
||
| 041 | _aeng | ||
| 082 |
_a380.3 _bDAD 1996 _223 |
||
| 100 |
_aDas, Sur _9176571 |
||
| 245 | 1 | 0 |
_aDictionary of trade and commerce / _cSur Das |
| 250 | _a1st ed. | ||
| 260 |
_aCalcutta : _bNew Central Book Agency (P) Ltd. , _c1996. |
||
| 300 |
_a[6], 267, viii p. ; _c24cm. |
||
| 650 |
_2Commerce _9176177 _vDictionaries |
||
| 942 |
_2ddc _cREF |
||
| 999 |
_c59235 _d59235 |
||